| 000 | 00362 a2200157 4500 | ||
|---|---|---|---|
| 001 | 153715 | ||
| 040 | _cEscola São Tomás de Aquino | ||
| 100 | _aGONTIJO, Solange Avelar Fonseca | ||
| 240 | 1 | 0 |
_aCacá o papagaio _lpor |
| 245 | 1 | 0 | _aCacá o papagaio |
| 300 | _a16 | ||
| 362 | 0 | _a1997 | |
| 440 | 1 | _aMiguilim | |
| 697 | _a*LITERATURA JUVENIL | ||
| 942 | _cBK | ||
| 999 |
_c153715 _d153715 |
||